Biggest cities in Denmark - Statistics

General Stats
  • This quiz has been taken 4,566 times
    4,565 since last reset
  • The average score is 6 of 10
Answer Stats
Population City % Correct
1,686,000 Copenhagen
100%
158,678 Odense
84%
122,000 Aalborg
83%
543,078 Arhus
83%
71,025 Esbjerg
61%
46,292 Roskilde
55%
59,842 Randers
47%
50,213 Vejle
46%
56,249 Kolding
42%
52,518 Horsens
37%
No matching quizzes found
Score Distribution
Percent of People with Each Score
Percentile by Number Answered
Your Score History
You have not taken this quiz since the last reset